Paesi del Mondo - Morte Improvvisa - Parte 2 - Statistics

Statistiche generali
  • Questo quiz è stato fatto 682 volte
  • Il punteggio medio è 48 su 95
Answers on the Grid
Answers color-coded by a green-red scale on the quiz's grid according to % correct below.
Lituania
Lussemburgo
Macedonia del Nord
Madagascar
Madeira
Malawi
Maldive
Malesya
Mali
Malta
Marocco
Martinica
Mauritania
Mauritius
Messico
Micronesia
Moldavia
Monaco
Mongolia
Montenegro
Montserrat
Mozambico
Myanmar
Namibia
Nauru
Nepal
Nicaragua
Niger
Nigeria
Norvegia
Nue
Nuova Caledonia
Nuova Zelanda
Oman
Ossezia del Sud
Paesi Bassi
Pakistan
Palau
Palestina
Panama
Papua Nuova Guinea
Paraguay
Perù
Polinesia Francese
Polonia
Porto Rico
Portogallo
Qatar
Rebubblica Democatica del Congo
Regno Unito
Repubblica Ceca
Repubblica Centrafricana
Repubblica del Congo
Repubblica Dominicana
Romania
Ruanda
Russia
Sahara Occidentale
Saint Kitts e Nevis
Saint Lucia
Saint Vincent e Grenadine
Samoa
Samoa Americane
San Marino
Sant'Elena, Ascensione e Tristan da Cunha
Sao Tomè e Principe
Scozia
Senegal
Serbia
Seychelles
Sierra Leone
Singapore
Siria
Slovacchia
Slovenia
Somalia
Somaliland
Spagna
Sri Lanka
Sud Sudan
Sudafrica
Sudan
Suriname
Svezia
Svizzera
Tagikistan
Taiwan
Tanzania
Thailandia
Tikehau
Timor Est
Togo
Tokelau
Tonga
Transnistria
Trinidad e Tobago
Tunisia
Turchia
Turkmenistan
Turks e Caicos
Tuvalu
Ucraina
Uganda
Ungheria
Uruguay
Usa
Uzbekistan
Vanuatu
Venezuela
Vietnam
Yemen
Zambia
Zimbabwe
 
Statistiche sulle risposte
Risposta % Corretto
Svezia
61%
Uruguay
59%
Monaco
58%
Portogallo
58%
Nigeria
57%
Uzbekistan
57%
Norvegia
56%
Slovenia
56%
Tanzania
56%
Usa
56%
Zimbabwe
56%
Repubblica Ceca
55%
Russia
55%
San Marino
55%
Senegal
55%
Turkmenistan
55%
Marocco
54%
Mauritius
54%
Messico
54%
Paraguay
54%
Polonia
54%
Qatar
54%
Regno Unito
54%
Spagna
54%
Sudan
54%
Suriname
54%
Ucraina
54%
Ungheria
54%
Madagascar
53%
Namibia
53%
Slovacchia
53%
Svizzera
53%
Zambia
53%
Lussemburgo
52%
Macedonia del Nord
52%
Mali
52%
Mongolia
52%
Nepal
52%
Niger
52%
Oman
52%
Paesi Bassi
52%
Repubblica del Congo
52%
Ruanda
52%
Siria
52%
Thailandia
52%
Venezuela
52%
Nuova Zelanda
51%
Panama
51%
Perù
51%
Rebubblica Democatica del Congo
51%
Sao Tomè e Principe
51%
Sierra Leone
51%
Somalia
51%
Sudafrica
51%
Tagikistan
51%
Trinidad e Tobago
51%
Tunisia
51%
Vietnam
51%
Yemen
51%
Malta
50%
Montenegro
50%
Mozambico
50%
Pakistan
50%
Romania
50%
Togo
50%
Lituania
49%
Mauritania
49%
Moldavia
49%
Serbia
49%
Timor Est
49%
Turchia
49%
Uganda
49%
Nicaragua
48%
Repubblica Dominicana
48%
Samoa
48%
Singapore
48%
Sud Sudan
48%
Malawi
47%
Malesya
47%
Maldive
46%
Myanmar
46%
Papua Nuova Guinea
46%
Repubblica Centrafricana
46%
Sri Lanka
46%
Saint Kitts e Nevis
45%
Saint Lucia
45%
Saint Vincent e Grenadine
45%
Palau
44%
Seychelles
44%
Tuvalu
43%
Vanuatu
43%
Nauru
42%
Taiwan
42%
Tonga
42%
Micronesia
40%
Nessun quiz corrispondente trovato
Distribuzione punteggi
Percentuale di utenti per punteggio
Percentile per numero di risposta
I tuoi punteggi nel tempo
Non hai fatto questo quiz